Sélection de tuiles - Logos de la NBA - Statistiques

Statistiques générales
  • Ce quiz a été pris 269 fois
  • Le résultat moyen est 35 sur 45
Statistiques - réponses
Question Tuile Select % Correct
les logos d’une équipe de la NBA Non
100%
les logos d’une équipe de la NBA Oui
99%
les logos d’une équipe de la NBA Non
98%
les équipes de Shaquille O’Neal durant sa carrière. Non
98%
les équipes de Shaquille O’Neal durant sa carrière. Non
98%
les logos d’une équipe de la NBA Non
96%
les logos d’une équipe de la NBA Non
96%
les équipes de Shaquille O’Neal durant sa carrière. Oui
96%
les équipes qui ont gagné une NBA Oui
96%
les logos d’une équipe de la NBA Oui
95%
les logos d’une équipe de la NBA Non
94%
les logos d’une équipe de la NBA Oui
93%
les logos d’une équipe de la NBA Oui
93%
les équipes qui ont gagné une NBA Oui
93%
les équipes qui ont gagné une NBA Oui
92%
les équipes de la conférence ouest Non
89%
les équipes de Shaquille O’Neal durant sa carrière. Oui
88%
les équipes qui ont gagné une NBA Oui
80%
les équipes de la conférence ouest Oui
79%
les équipes de Shaquille O’Neal durant sa carrière. Non
78%
les équipes qui ont gagné une NBA Non
78%
les équipes de la conférence ouest Oui
78%
les équipes de la conférence ouest Oui
77%
les équipes de Shaquille O’Neal durant sa carrière. Non
75%
les équipes n’étant pas initialement dans leur ville actuelle Non
73%
les équipes de Shaquille O’Neal durant sa carrière. Non
72%
les équipes de la conférence ouest Oui
72%
les équipes n’étant pas initialement dans leur ville actuelle Oui
72%
les équipes qui ont gagné une NBA Non
71%
les équipes de Shaquille O’Neal durant sa carrière. Oui
70%
les équipes de la conférence ouest Non
68%
les équipes n’étant pas initialement dans leur ville actuelle Non
68%
les équipes qui ont gagné une NBA Non
67%
les équipes de la conférence ouest Oui
67%
les équipes qui ont gagné une NBA Non
66%
les équipes de la conférence ouest Non
66%
les équipes de la conférence ouest Non
65%
les équipes n’étant pas initialement dans leur ville actuelle Non
61%
les équipes n’étant pas initialement dans leur ville actuelle Oui
59%
les équipes n’étant pas initialement dans leur ville actuelle Non
57%
les équipes de Shaquille O’Neal durant sa carrière. Oui
54%
les équipes n’étant pas initialement dans leur ville actuelle Oui
53%
les équipes qui ont gagné une NBA Oui
47%
les équipes n’étant pas initialement dans leur ville actuelle Oui
47%
les équipes n’étant pas initialement dans leur ville actuelle Oui
39%
Aucun quiz correspondant
Distribution des résultats
% des personnes avec chaque résultat
Percentile par nombre de réponses
Votre historique - résultats
Vous n’avez pas pris ce quiz